000 00845nam a22002417a 4500
999 _c4777
_d4777
003 AR-CdUCM
008 190311b ||||| |||| 00| 0 spa d
040 _aMUNICIPALIDAD PROVINCIAL DEL CUSCO
_cBIBLIOTECA MUNICIPAL DEL CUSCO
082 _22ed.
_a869.56 /
_bN56
100 _aNieto, Luis
_911864
245 _aRomancero del pueblo en armas /
260 _aSicuani :
_bTalleres de OFFSET,
_c1981.
300 _a79 páginas ;
_c19 cm.
500 _aDonación de la familia Nieto.
505 _aContenido :Himno y mensaje -- Anatema -- Bandera de canto y barricada -- Pañuelo ...
650 _aPoesía - Perú - Cusco
_914765
650 _aPoetas cusqueños
_95956
650 _aPoesía cusqueña
_92323
650 _aLuis Nieto - Poemas
_914766
650 _aPoesía - Siglo XX - Cusco
_914767
942 _2ddc
_cLIBROS
945 _alccs